000 00643nam a2200193 i 4500
001 36638
003 ES-MaACL
005 20230906155416.0
007 t|
008 030218s1970 sp ||||1| spa d
100 1 _aBrown, Peter Robert Lamont.
_932019
245 1 0 _aBiografía de Agustín de Hipona /
_cPeter Brown ; traducción por Santiago Tovar y Mª Rosa Tovar.
260 _aMadrid :
_bRevista de Occidente,
_c[1970]
300 _a614 p. ;
_c18 cm.
600 0 4 _aAgustín,
_cSanto, Obispo de Hipona-
_xBiografías.
_918920
700 1 _aTovar, Santiago.
_9111174
700 1 _aTovar, María Rosa.
_9111171
852 _aES-MaACL
_jC-40700
999 _c36638
_d36638